Public enterprise in local government /

Saved in:
Bibliographic Details
Main Author: Fairchild, E. C. (Edwin Charles), b. 1874
Corporate Author: Workers' Educational Trade Union Committee
Format: Book
Language:English
Published: London : Workers' Educational Trade Union Committee, [1937?].
Series:WETUC sixpenny library
Subjects:
LEADER 01163nam a2200301 a 4500
001 c000163006
003 CARM
005 20030304160827.0
008 911206s1937 enk b 000 0 eng d
019 1 |a 5264429  |5 LACONCORD2021 
035 |a (OCoLC)4906017  |5 LACONCORD2021 
040 |a VDU  |b eng  |c VDU  |d VDU 
043 |a e-uk--- 
082 0 4 |a 352.041  |2 20 
100 1 |a Fairchild, E. C.  |q (Edwin Charles),  |d b. 1874. 
245 1 0 |a Public enterprise in local government /  |c by Edwin C. Fairchild. 
260 |a London :  |b Workers' Educational Trade Union Committee,  |c [1937?]. 
300 |a 93 p. ;  |c 17 cm. 
440 0 |a WETUC sixpenny library 
504 |a Bibliography: p. 93. 
650 0 |a Local government  |z Great Britain. 
650 0 |a Local finance  |z Great Britain. 
650 0 |a Corporations, Government  |z Great Britain. 
650 0 |a Public works  |z Great Britain. 
710 2 |a Workers' Educational Trade Union Committee. 
852 8 |b CARM  |h A2:AI35H0  |i A02904  |p 0222229  |f BK 
999 f f |i 1229102d-8d4d-5507-8ecc-e2f0c78f1f2f  |s 6fbec7d7-2e08-5eb4-a91c-c6f8e2ff9750 
952 f f |p Can circulate  |a CAVAL  |b CAVAL  |c CAVAL  |d CARM 1 Store  |e A02904  |f A2:AI35H0  |h Other scheme  |i book  |m 0222229